| 000 | 00353nam a2200133Ia 4500 | ||
|---|---|---|---|
| 008 | 240624s9999 xx 000 0 und d | ||
| 041 | _aeng | ||
| 082 | _a330 MAR | ||
| 100 | _aMARJIT SUGATA | ||
| 245 | _aEMERGING ISSUES IN ECONOMIC DEVELOPMENT | ||
| 260 |
_c2014 _aNew Delhi _bOxford India |
||
| 300 | _axxviii, : 300 : p. : cm. ; 22 | ||
| 365 |
_cRS _b31 |
||
| 999 |
_c23219 _d23219 |
||